Managing agrodiversity the traditional way : lessons from West Africa in sustainable use of biodiversity and related natural resources

Bibliographic Details
Other Authors: Gyasi, Edwin A. [ (Edwin Akonno), , 1943-
Format: Book
Published: New York : United Nations University Press , c2004.
Subjects:

MARC

LEADER 00000cam a2200000 7i4500
001 0000003270
005 20050819.0
020 0 0 |a 9280810987 (pbk.) 
090 0 0 |a 333.95160966   |b MAN 
245 1 0 |a Managing agrodiversity the traditional way :   |b lessons from West Africa in sustainable use of biodiversity and related natural resources   |c edited by Edwin A. Gyasi ... [et al.]. 
260 0 0 |a New York :   |b United Nations University Press ,   |c c2004. 
300 |a xxviii, 266 p. :   |b ill. (some col.), maps ;   |c 24 cm. 
650 0 0 |a Agrobiodiversity   |z Africa, West 
650 0 0 |a Agrobiodiversity   |z Africa, West   |x Case studies. 
650 0 0 |a Biological diversity conservation   |z Africa, West. 
700 1 1 |a Gyasi, Edwin A. [  |q (Edwin Akonno), ,   |d 1943- 
999 |a 0000006242   |b Monograph   |c Open Shelf   |e Default branch